[Event "DEM U12/U12w 2004"]
[Site "Willingen GER"]
[Date "2004.06.01"]
[Round "5"]
[White "Kamrla, Robin"]
[Black "Dalakian, Haroutioun"]
[Result "0-1"]
[Termination "normal"]
[Board "28"]
[WhiteElo "1435"]
[BlackElo "1294"]
[PlyCount "110"]
[BlackFideId "24632058"]
[EventCountry "GER"]
[EventRounds "11"]
[EventType "swiss"]
[EventDate "2004.05.29"]

1. e4 c5 2. Nf3 Nc6 3. d4 cxd4 4. Nxd4 Nf6 5. Nc3 e6 6. Bg5 Bb4 7. f3 Qa5 8.
Qd3 Qxg5 9. Rd1 Nh5 10. g3 O-O 11. f4 Qc5 12. e5 Nxd4 13. Qxd4 Qxd4 14. Rxd4
Bxc3+ 15. bxc3 g6 16. g4 Ng7 17. h4 f5 18. h5 fxg4 19. hxg6 hxg6 20. Be2 Nf5
21. Rd3 g3 22. Bg4 g2 23. Rg1 b6 24. Rxg2 Bb7 25. Rh2 Rad8 26. Bxf5 Rxf5 27.
Rg3 Kg7 28. Rh4 Rg8 29. Rd3 Bc6 30. c4 Rh8 31. Rxh8 Kxh8 32. Rd4 Kg7 33. Kf2 g5
34. Kg3 gxf4+ 35. Rxf4 Rxf4 36. Kxf4 Kg6 37. Kg4 Be4 38. c3 Bd3 39. a3 Bxc4 40.
Kf4 Kh6 41. Ke4 Kg5 42. Ke3 Kf5 43. Kd4 b5 44. Kc5 Kxe5 45. a4 d6+ 46. Kb4 a6
47. a5 Ke4 48. Ka3 Kd3 49. Kb4 e5 50. Ka3 e4 51. Kb2 Kd2 52. Ka3 e3 53. Kb4 e2
54. Ka3 e1=Q 55. Kb2 Qc1# 0-1

[Event "DEM U12/U12w 2004"]
[Site "Willingen GER"]
[Date "2004.06.01"]
[Round "5"]
[White "Döring, Julia"]
[Black "Gröger, Eric"]
[Result "1/2-1/2"]
[Termination "normal"]
[Board "29"]
[WhiteElo "1321"]
[BlackElo "1428"]
[PlyCount "42"]
[EventCountry "GER"]
[EventRounds "11"]
[EventType "swiss"]
[EventDate "2004.05.29"]

1. c4 e6 2. Nc3 f5 3. Nf3 Nf6 4. d3 Be7 5. g3 O-O 6. Bg2 d5 7. cxd5 exd5 8. O-O
c6 9. Bd2 Nbd7 10. Nd4 Nb6 11. Rc1 Qe8 12. Re1 Bd6 13. Qc2 h6 14. a3 Nh5 15. e3
Bd7 16. Nf3 Nf6 17. Rcd1 Bc7 18. b4 Qf7 19. Bc1 Rae8 20. Bb2 Nc8 21. Na4 Nd6
1/2-1/2

[Event "DEM U12/U12w 2004"]
[Site "Willingen GER"]
[Date "2004.06.01"]
[Round "5"]
[White "Mijatovic, Andrea"]
[Black "Pfefferkorn, Adrian"]
[Result "1/2-1/2"]
[Termination "normal"]
[Board "30"]
[WhiteElo "1422"]
[BlackElo "1285"]
[PlyCount "44"]
[WhiteFideId "14514524"]
[EventCountry "GER"]
[EventRounds "11"]
[EventType "swiss"]
[EventDate "2004.05.29"]

1. e4 c5 2. Nf3 d6 3. d4 cxd4 4. Nxd4 Nf6 5. Nc3 a6 6. Be2 e6 7. f4 Nbd7 8. Bf3
Be7 9. a4 Qc7 10. O-O Rb8 11. Kh1 b6 12. Re1 Bb7 13. Be3 Rc8 14. Bf2 h6 15. e5
Bxf3 16. Nxf3 dxe5 17. Nxe5 Nxe5 18. fxe5 Nd7 19. Bg3 O-O 20. Qg4 Kh8 21. Qh5
Kh7 22. Re3 Bg5 1/2-1/2

[Event "DEM U12/U12w 2004"]
[Site "Willingen GER"]
[Date "2004.06.01"]
[Round "5"]
[White "Wolf, Isaak"]
[Black "Sharikow, Alexej"]
[Result "1/2-1/2"]
[Termination "normal"]
[Board "31"]
[WhiteElo "1262"]
[BlackElo "1420"]
[PlyCount "85"]
[EventCountry "GER"]
[EventRounds "11"]
[EventType "swiss"]
[EventDate "2004.05.29"]

1. e4 e5 2. Nc3 Nf6 3. f4 d5 4. fxe5 Nxe4 5. d3 Nxc3 6. bxc3 d4 7. Nf3 dxc3 8.
d4 Bg4 9. Qd3 Bxf3 10. Qxf3 Nc6 11. Bb5 Qd7 12. d5 Qe7 13. Qxc3 Qh4+ 14. Kf1
Bb4 15. Bxc6+ Kd8 16. Qe3 bxc6 17. dxc6 Qc4+ 18. Qd3+ Qxd3+ 19. cxd3 Bc3 20.
Bg5+ f6 21. exf6 gxf6 22. Rc1 Bb2 23. Rc2 fxg5 24. Rxb2 Ke7 25. Ke2 Kd6 26. Rc1
Rab8 27. Rb3 Rxb3 28. axb3 Rb8 29. Rc3 Rb6 30. Kf3 Kd5 31. Ke3 Rb4 32. g3 h5
33. Ke2 h4 34. Rc4 Rxb3 35. gxh4 Rb2+ 36. Ke3 Rxh2 37. hxg5 Rh3+ 38. Kd2 Rg3
39. Ra4 Kxc6 40. g6 Kb5 41. Rxa7 Kb6 42. Ra4 Rxg6 43. Rb4+ 1/2-1/2

[Event "DEM U12/U12w 2004"]
[Site "Willingen GER"]
[Date "2004.06.01"]
[Round "5"]
[White "Cornish, Alexander"]
[Black "Frey, Alisa"]
[Result "0-1"]
[Termination "normal"]
[Board "32"]
[WhiteElo "1404"]
[BlackElo "1233"]
[PlyCount "132"]
[BlackFideId "24634662"]
[EventCountry "GER"]
[EventRounds "11"]
[EventType "swiss"]
[EventDate "2004.05.29"]

1. e4 e5 2. Nf3 Nc6 3. Bc4 Nf6 4. d3 Bc5 5. Nc3 d6 6. Be3 Bb6 7. Qe2 Nd4 8.
Bxd4 exd4 9. Nd5 O-O 10. O-O-O Re8 11. Ng5 Nxd5 12. Qh5 Nf6 13. Bxf7+ Kf8 14.
Nxh7+ Nxh7 15. Bxe8 Qxe8 16. Qxh7 Be6 17. h4 c5 18. h5 Bd8 19. f4 Qf7 20. f5
Bg5+ 21. Kb1 Bxa2+ 22. Ka1 Ke7 23. Qg6 Qxg6 24. hxg6 Bg8 25. Rh5 Bf6 26. g4 Rc8
27. Rh8 b5 28. Rg1 a5 29. g5 Be5 30. Rgh1 Bf4 31. R1h7 Be5 32. f6+ Bxf6 33.
gxf6+ Kxf6 34. Rh5 Kxg6 35. Rd5 Bxd5 36. Rxc8 Be6 37. Rc6 Kf6 38. Rxd6 g5 39.
Rd8 g4 40. Rh8 Kg5 41. Kb1 Kf4 42. Kc1 Kf3 43. Kd2 g3 44. Rf8+ Kg2 45. Ke1 Kh2
46. Rh8+ Bh3 47. Rg8 Be6 48. Rg5 Bd7 49. Rg7 Be6 50. Rg6 Bd7 51. e5 Bf5 52.
Rh6+ Bh3 53. Rxh3+ Kxh3 54. Kf1 Kh2 55. Ke2 g2 56. Kf3 g1=Q 57. Ke4 Qe3+ 58.
Kd5 c4 59. dxc4 bxc4 60. e6 d3 61. cxd3 cxd3 62. Kd6 d2 63. Kd7 d1=Q+ 64. Ke7
Qde1 65. Kd6 Qxe6+ 66. Kc5 Qb4# 0-1

[Event "DEM U12/U12w 2004"]
[Site "Willingen GER"]
[Date "2004.06.01"]
[Round "5"]
[White "Dzodziev, Daniel"]
[Black "Stognief, Ole"]
[Result "1-0"]
[Termination "normal"]
[Board "33"]
[WhiteElo "1544"]
[BlackElo "1292"]
[PlyCount "185"]
[EventCountry "GER"]
[EventRounds "11"]
[EventType "swiss"]
[EventDate "2004.05.29"]

1. e4 c6 2. d4 d5 3. Nc3 e6 4. exd5 cxd5 5. Bd3 Nc6 6. Nge2 Bd6 7. a3 Nf6 8.
Bg5 O-O 9. O-O Re8 10. Rc1 b6 11. Nb5 Be7 12. Qd2 a6 13. Nbc3 Bb7 14. Nd1 Qc7
15. Ne3 a5 16. Bxf6 Bxf6 17. Ng4 Qe7 18. Bb5 Rec8 19. c4 Ba6 20. Bxa6 Rxa6 21.
cxd5 exd5 22. Nf4 Bg5 23. Qd3 Raa8 24. Nxd5 Qd8 25. Nge3 Ne7 26. Rxc8 Rxc8 27.
Nxe7+ Qxe7 28. Nd5 Qe6 29. Qb5 Rb8 30. Nc7 Qe7 31. Na6 Rb7 32. d5 h6 33. Qc6
Bf4 34. Rd1 Qe2 35. Rf1 Qxa6 36. Qc8+ Kh7 37. Qf5+ Kg8 38. Qxf4 Qb5 39. Qf5 Rb8
40. Qe5 Re8 41. Qd4 Rd8 42. d6 Qc6 43. Rd1 b5 44. d7 Qe6 45. h3 Kf8 46. Qc5+
Qe7 47. Qxb5 Qe6 48. Qxa5 Rxd7 49. Rxd7 Qxd7 50. Qb4+ Kg8 51. a4 Qd1+ 52. Kh2
Qe2 53. Qd4 Qa6 54. b3 Qc8 55. b4 Qb8+ 56. g3 g5 57. a5 h5 58. Qe4 h4 59. Kg2
hxg3 60. fxg3 Qd8 61. g4 Qd2+ 62. Kf3 Qc3+ 63. Kg2 Qd2+ 64. Kf1 Qc1+ 65. Ke2
Qb2+ 66. Kd1 Qa1+ 67. Kc2 Qa2+ 68. Kc3 Qa1+ 69. Kc4 Qc1+ 70. Kb5 Qf1+ 71. Qc4
Qxh3 72. a6 Qg2 73. Qc8+ Kg7 74. a7 Qd5+ 75. Qc5 Qd7+ 76. Kc4 Qe6+ 77. Kc3 Qe1+
78. Kb3 Qb1+ 79. Ka4 Qd1+ 80. Ka5 Qd8+ 81. Ka6 Qf6+ 82. Qb6 Qf1+ 83. b5 Qa1+
84. Kb7 Qh1+ 85. Qc6 Qe1 86. a8=Q Qe7+ 87. Kb6 Qe3+ 88. Qc5 Qe6+ 89. Qac6 Qxg4
90. Qe5+ Kg8 91. Qce8+ Kh7 92. Q8h8+ Kg6 93. Qef6# 1-0

[Event "DEM U12/U12w 2004"]
[Site "Willingen GER"]
[Date "2004.06.01"]
[Round "5"]
[White "Huhnstock, Rico"]
[Black "Pantusenko, Valeria"]
[Result "1-0"]
[Termination "normal"]
[Board "34"]
[WhiteElo "1449"]
[BlackElo "1217"]
[PlyCount "75"]
[WhiteFideId "24642932"]
[BlackFideId "4662920"]
[EventCountry "GER"]
[EventRounds "11"]
[EventType "swiss"]
[EventDate "2004.05.29"]

1. e4 e5 2. Nf3 Nc6 3. Bc4 Nf6 4. Ng5 d5 5. exd5 b5 6. Bxb5 Qxd5 7. Nc3 Qxg2 8.
Qf3 Qxf3 9. Nxf3 Bd7 10. O-O Bc5 11. d3 Nd4 12. Bxd7+ Nxd7 13. Nxd4 Bxd4 14.
Nd5 O-O-O 15. Ne7+ Kb7 16. Nf5 Bc5 17. Bd2 g6 18. Ne3 f5 19. b4 Bxe3 20. Bxe3
f4 21. Bd2 Nb6 22. Bc3 Rhe8 23. Rfe1 Nd7 24. Re4 Re6 25. Bb2 Rde8 26. Rae1 Kc6
27. d4 Kd5 28. dxe5 Nxe5 29. Kg2 Nc4 30. Rd4+ Kc6 31. Rxe6+ Rxe6 32. Rxc4+ Kb5
33. Rxc7 Kxb4 34. Rxa7 Re2 35. Rc7 h5 36. a3+ Kb5 37. Bf6 Re6 38. Bg5 1-0

[Event "DEM U12/U12w 2004"]
[Site "Willingen GER"]
[Date "2004.06.01"]
[Round "5"]
[White "Sancar, Kenan"]
[Black "Schnieber, Jacqueline"]
[Result "0-1"]
[Termination "normal"]
[Board "35"]
[WhiteElo "1367"]
[BlackElo "1140"]
[PlyCount "100"]
[WhiteFideId "24647543"]
[EventCountry "GER"]
[EventRounds "11"]
[EventType "swiss"]
[EventDate "2004.05.29"]

1. e4 e5 2. Nf3 Nc6 3. Bc4 Bc5 4. c3 Nf6 5. d3 d6 6. Be3 Qe7 7. Bxc5 dxc5 8.
O-O Bg4 9. h3 Bh5 10. Nbd2 O-O 11. Qc2 Rad8 12. Rad1 a6 13. a4 Rd6 14. Rfe1 Nd7
15. Re3 Rg6 16. Kh1 Rd8 17. Rg1 Qf6 18. g4 Bxg4 19. Rxg4 Rh6 20. Rg3 Qf4 21.
Kg2 Nf6 22. Ng5 Rf8 23. Qb3 Nd8 24. Ndf3 Nh5 25. Rg4 Qf6 26. Nh4 Nf4+ 27. Kg3
Nh5+ 28. Kg2 Nf4+ 29. Kg1 Rxh4 30. Rxh4 Qxg5+ 31. Rg4 Nxh3+ 32. Rxh3 Qxg4+ 33.
Rg3 Qf4 34. Kg2 h5 35. Rf3 Qh6 36. Qd1 Kh8 37. Rh3 g6 38. d4 Qf4 39. f3 Ne6 40.
d5 Ng5 41. Rg3 Rd8 42. Qg1 h4 43. Qh2 Kg7 44. Rxg5 Qxg5+ 45. Kh1 Rh8 46. b4
cxb4 47. cxb4 f6 48. Qc2 Qg3 49. Be2 h3 50. Bd1 h2 0-1

[Event "DEM U12/U12w 2004"]
[Site "Willingen GER"]
[Date "2004.06.01"]
[Round "5"]
[White "Tantzen, Cedric"]
[Black "Yakovenko, Oleg"]
[Result "0-1"]
[Termination "normal"]
[Board "36"]
[WhiteElo "1266"]
[BlackElo "1365"]
[PlyCount "48"]
[WhiteFideId "24640018"]
[BlackFideId "4696000"]
[EventCountry "GER"]
[EventRounds "11"]
[EventType "swiss"]
[EventDate "2004.05.29"]

1. e4 c5 2. Nf3 Nc6 3. Nc3 e6 4. Bc4 Nf6 5. a3 d5 6. exd5 exd5 7. Ba2 Be6 8. d4
h6 9. O-O Be7 10. Re1 O-O 11. Be3 b6 12. Re2 Qd7 13. Rd2 Rfd8 14. Ne2 Ne4 15.
Rd3 c4 16. Rd2 Bg4 17. Nc3 Nxd2 18. Bxd2 Qf5 19. Nh4 Bxh4 20. f3 Bh5 21. g4
Bxg4 22. fxg4 Qf2+ 23. Kh1 Nxd4 24. b3 g5 0-1

[Event "DEM U12/U12w 2004"]
[Site "Willingen GER"]
[Date "2004.06.01"]
[Round "5"]
[White "Müller, Anna-Louise"]
[Black "Hort, Maria"]
[Result "1/2-1/2"]
[Termination "normal"]
[Board "37"]
[WhiteElo "1349"]
[BlackElo "1082"]
[PlyCount "42"]
[WhiteFideId "4633512"]
[EventCountry "GER"]
[EventRounds "11"]
[EventType "swiss"]
[EventDate "2004.05.29"]

1. e4 c6 2. d4 d5 3. e5 Bf5 4. Nf3 e6 5. Be2 Bb4+ 6. c3 Ba5 7. Be3 Ne7 8. Nh4
Be4 9. Bf3 Ng6 10. Nxg6 Bxg6 11. O-O O-O 12. b4 Bc7 13. Nd2 Nd7 14. Nb3 Nb6 15.
Be2 Na4 16. Qd2 h6 17. Nc5 Nxc5 18. bxc5 Qh4 19. Bf4 f6 20. Bg3 Qg5 21. Qxg5
fxg5 1/2-1/2

[Event "DEM U12/U12w 2004"]
[Site "Willingen GER"]
[Date "2004.06.01"]
[Round "5"]
[White "Kammrad, Carolin"]
[Black "Hinz, Arne"]
[Result "0-1"]
[Termination "normal"]
[Board "38"]
[WhiteElo "1177"]
[BlackElo "1524"]
[PlyCount "78"]
[BlackFideId "24634875"]
[EventCountry "GER"]
[EventRounds "11"]
[EventType "swiss"]
[EventDate "2004.05.29"]

1. e4 e5 2. Nf3 Nf6 3. Nxe5 d6 4. Nf3 Nxe4 5. d4 d5 6. Bd3 Nf6 7. O-O Be7 8.
Re1 O-O 9. c4 dxc4 10. Bxc4 Bg4 11. Be2 Re8 12. Be3 Nbd7 13. h3 Bf5 14. Nc3 Nb6
15. Bd3 Bg6 16. Ne5 Bxd3 17. Qxd3 Bd6 18. Bf4 Bxe5 19. Bxe5 Nfd7 20. Qg3 Nxe5
21. dxe5 Nd7 22. Rad1 c6 23. Qg4 Re6 24. Rd6 Rxd6 25. exd6 Nf6 26. Qd4 Ne8 27.
Ne4 f5 28. d7 fxe4 29. Rxe4 Nf6 30. Qc4+ Kh8 31. Rd4 Nd5 32. Rh4 Qxd7 33. Qe4
Nf6 34. Qf3 Re8 35. Rc4 Qd5 36. Qc3 Qe5 37. Qxe5 Rxe5 38. Kf1 Kg8 39. f3 Kf7
0-1

[Event "DEM U12/U12w 2004"]
[Site "Willingen GER"]
[Date "2004.06.01"]
[Round "5"]
[White "Falke, Cynthia"]
[Black "Günnigmann, Manuel"]
[Result "0-1"]
[Termination "normal"]
[Board "39"]
[WhiteElo "1197"]
[BlackElo "1383"]
[PlyCount "88"]
[WhiteFideId "24600644"]
[BlackFideId "24640360"]
[EventCountry "GER"]
[EventRounds "11"]
[EventType "swiss"]
[EventDate "2004.05.29"]

1. e4 c5 2. Nc3 e6 3. g3 Nc6 4. d3 g6 5. Bg2 Bg7 6. Be3 d6 7. Qd2 Nge7 8. Bh6
Bxh6 9. Qxh6 Ng8 10. Qe3 Nge7 11. h3 Nd4 12. Qd2 Rb8 13. Nd1 b5 14. c3 Ndc6 15.
f4 b4 16. cxb4 Rxb4 17. Rb1 Qa5 18. Nc3 Ba6 19. Nge2 Rb8 20. O-O Nd4 21. Rfd1
Nxe2+ 22. Qxe2 O-O 23. h4 Nc6 24. h5 Nd4 25. Qg4 Qd8 26. Rf1 Bxd3 27. Rf2 Bxb1
28. Nxb1 Kh8 29. hxg6 fxg6 30. Bf1 e5 31. Rh2 Qc8 32. Qxg6 Nf3+ 33. Kg2 Nxh2
34. Qh6 Rxb2+ 35. Kg1 Nf3+ 36. Kh1 Rh2+ 37. Qxh2 Nxh2 38. Kxh2 exf4 39. gxf4
Qg4 40. Bh3 Qxf4+ 41. Kh1 Rg8 42. Bg2 Qh4+ 43. Kg1 Qg3 44. Kh1 Qxg2# 0-1

[Event "DEM U12/U12w 2004"]
[Site "Willingen GER"]
[Date "2004.06.01"]
[Round "5"]
[White "Dürre, Gregor"]
[Black "Aslan, Benjamin"]
[Result "1-0"]
[Termination "normal"]
[Board "40"]
[WhiteElo "1370"]
[BlackElo "1232"]
[PlyCount "141"]
[BlackFideId "24640298"]
[EventCountry "GER"]
[EventRounds "11"]
[EventType "swiss"]
[EventDate "2004.05.29"]

1. e4 e5 2. d4 exd4 3. Qxd4 Nc6 4. Qe3 b6 5. Bb5 Bc5 6. Qg3 Qf6 7. Nc3 Nge7 8.
Be3 Bxe3 9. fxe3 Qe5 10. Nge2 Qxg3+ 11. Nxg3 O-O 12. O-O a6 13. Bc4 Bb7 14. Bd5
Nxd5 15. Nxd5 Rac8 16. Rad1 Ne5 17. Ne7+ Kh8 18. Nxc8 Rxc8 19. b3 d6 20. Rf4
Kg8 21. Nf5 Ng6 22. Rg4 Re8 23. Rd4 h5 24. Rg5 Bxe4 25. Rd2 Bxf5 26. Rxf5 Rxe3
27. Rxh5 Ne5 28. Rf5 g6 29. Rff2 Re1+ 30. Rf1 Rxf1+ 31. Kxf1 Kf8 32. h3 f5 33.
Rd4 Ke7 34. Rh4 Kf6 35. Rh8 Ke6 36. c4 Nf7 37. Re8+ 37... Kd7 $11 38. Re3 Ne5
39. h4 Ke6 40. Rh3 Kf6 41. h5 gxh5 42. Rxh5 Nd3 43. a3 Kg6 44. Rh8 Nc5 45. Rc8
Ne6 46. b4 b5 47. cxb5 axb5 48. Rb8 Nd4 49. Rc8 Ne6 50. Rb8 Nd4 51. Rb7 Nc2 52.
Rxc7 Nxa3 53. Rc6 Nc4 54. Rc8 Kf6 55. Rb8 Na3 56. Kf2 Ke5 57. Ke3 Nc2+ 58. Kd2
Nxb4 59. Rxb5+ Nd5 60. g3 Ke6 61. Kd3 Nf6 62. Ke3 Nd5+ 63. Kf3 Ke5 64. Ra5 Ke6
65. Ra1 Kf6 66. Rf1 Kg5 67. Rd1 Nf6 68. Rxd6 Nh5 69. Rd5 Nf6 70. Ra5 Nh7 71. g4
1-0

[Event "DEM U12/U12w 2004"]
[Site "Willingen GER"]
[Date "2004.06.01"]
[Round "5"]
[White "Kopp, Nico"]
[Black "Knöchel, Sarah"]
[Result "0-1"]
[Termination "normal"]
[Board "41"]
[WhiteElo "1336"]
[BlackElo "1211"]
[PlyCount "56"]
[WhiteFideId "24608092"]
[EventCountry "GER"]
[EventRounds "11"]
[EventType "swiss"]
[EventDate "2004.05.29"]

1. e4 e5 2. Nf3 Nc6 3. d4 exd4 4. Nxd4 Bc5 5. Be3 Qf6 6. c3 Bb6 7. Na3 a6 8.
Nc4 Ba7 9. a4 Nge7 10. Be2 O-O 11. O-O d6 12. Nxc6 Nxc6 13. Bxa7 Nxa7 14. f4
Nc6 15. e5 dxe5 16. fxe5 Qg5 17. b4 Nxe5 18. Qd5 Re8 19. Rad1 c6 20. Qa5 Bh3
21. Rf2 f6 22. Qc7 Ng6 23. Rd7 Bxd7 24. Qxd7 Rad8 25. Qc7 Rd5 26. Nd6 Rd1+ 27.
Bf1 Rf8 28. Re2 Nf4 0-1

[Event "DEM U12/U12w 2004"]
[Site "Willingen GER"]
[Date "2004.06.01"]
[Round "5"]
[White "Prosch, Julia"]
[Black "Zuyeva, Lisa"]
[Result "1-0"]
[Termination "normal"]
[Board "42"]
[WhiteElo "1300"]
[BlackElo "1028"]
[PlyCount "99"]
[EventCountry "GER"]
[EventRounds "11"]
[EventType "swiss"]
[EventDate "2004.05.29"]

1. e4 e5 2. Nf3 Nc6 3. d4 exd4 4. Nxd4 Nf6 5. Nc3 Bb4 6. Nxc6 bxc6 7. Qd4 Ba5
8. Qe5+ Qe7 9. Qxa5 d5 10. e5 Qxe5+ 11. Be3 O-O 12. Be2 c5 13. Qxc5 Bf5 14. Bd4
Qf4 15. Bxf6 gxf6 16. Nxd5 Qe5 17. O-O Rac8 18. Ne7+ Kh8 19. Qxe5 fxe5 20. Nxc8
Rxc8 21. c3 Rb8 22. b4 Rg8 23. a4 Bh3 24. g3 Bxf1 25. Bxf1 f5 26. Kh1 f4 27.
gxf4 exf4 28. Re1 h5 29. Re5 h4 30. Rh5+ Kg7 31. Rxh4 Kf8 32. Rxf4+ Ke8 33. b5
Kd7 34. Rf6 Re8 35. Bh3+ Ke7 36. Re6+ Kf8 37. Rxe8+ Kxe8 38. Kg2 Ke7 39. f4 Kf6
40. Bc8 Kf7 41. Kg3 Kf6 42. h4 Kg6 43. Kg4 Kg7 44. Kg5 Kf7 45. h5 Kg7 46. f5
Kh7 47. f6 c5 48. Bf5+ Kh8 49. Kg6 a5 50. f7 1-0

[Event "DEM U12/U12w 2004"]
[Site "Willingen GER"]
[Date "2004.06.01"]
[Round "5"]
[White "Dietrich, Stefan"]
[Black "Becher, Anne"]
[Result "1-0"]
[Termination "normal"]
[Board "43"]
[WhiteElo "1176"]
[BlackElo "1259"]
[PlyCount "91"]
[EventCountry "GER"]
[EventRounds "11"]
[EventType "swiss"]
[EventDate "2004.05.29"]

1. e4 c5 2. Nf3 d6 3. d4 cxd4 4. Nxd4 Nf6 5. Nc3 g6 6. Bc4 Bg7 7. Be3 O-O 8.
Qd2 Ng4 9. O-O-O Nxe3 10. Qxe3 Nc6 11. Nxc6 bxc6 12. Kb1 Qc7 13. f4 Rb8 14.
Rhe1 Rd8 15. e5 d5 16. Bb3 Ba6 17. Kc1 e6 18. g3 Rd7 19. Rd2 Rbd8 20. Red1 c5
21. Ba4 Re7 22. Qf2 Qa5 23. Bb3 d4 24. a3 Ree8 25. Ne4 Kh8 26. Nd6 Re7 27. c3
d3 28. Bc4 Bxc4 29. Nxc4 Qb5 30. Nd6 Qb6 31. Rxd3 Kg8 32. Nc4 Qc7 33. Rxd8+ Bf8
34. R1d2 Qc6 35. Nd6 Rd7 36. Nc4 Rxd2 37. Rxd2 Qh1+ 38. Rd1 Qe4 39. Nd6 Qc6 40.
h4 h5 41. Qe2 Bxd6 42. exd6 Qd7 43. g4 hxg4 44. Qxg4 Kf8 45. h5 gxh5 46. Qxh5
1-0

[Event "DEM U12/U12w 2004"]
[Site "Willingen GER"]
[Date "2004.06.01"]
[Round "5"]
[White "Mätzig, Lara Annabelle"]
[Black "Wisheckel, Lena"]
[Result "0-1"]
[Termination "normal"]
[Board "44"]
[WhiteElo "1136"]
[BlackElo "1259"]
[PlyCount "86"]
[BlackFideId "24691992"]
[EventCountry "GER"]
[EventRounds "11"]
[EventType "swiss"]
[EventDate "2004.05.29"]

1. e4 e5 2. Nf3 Nf6 3. d4 exd4 4. e5 Nd5 5. Qxd4 Ne7 6. Nc3 Nbc6 7. Qf4 Ng6 8.
Qe4 Bb4 9. Bd2 O-O 10. O-O-O a6 11. Bd3 Re8 12. Nd5 Bxd2+ 13. Rxd2 Ncxe5 14.
Nxe5 Rxe5 15. Qd4 d6 16. f4 c5 17. Qf2 Rxd5 18. Re1 Rd4 19. Rde2 Bd7 20. g3 Qc7
21. h4 Rd8 22. h5 Nf8 23. Rh1 Bc6 24. Rh4 Qd7 25. Qg1 Re8 26. Rxe8 Qxe8 27. Qf2
Qe7 28. Rh3 Bg2 29. Rh2 Bc6 30. g4 Rxf4 31. Qg1 Rf3 32. b3 Qe3+ 33. Qxe3 Rxe3
34. Kd2 Rg3 35. Rh4 Ne6 36. Bf5 g6 37. hxg6 hxg6 38. Bd3 Bf3 39. Rh6 Rxg4 40.
Ke3 Bc6 41. Kd2 Nf4 42. Bc4 Nh5 43. Kc1 Kg7 0-1

[Event "DEM U12/U12w 2004"]
[Site "Willingen GER"]
[Date "2004.06.01"]
[Round "5"]
[White "Wild, Katharina"]
[Black "Rummer, Bärbel"]
[Result "1/2-1/2"]
[Termination "normal"]
[Board "45"]
[WhiteElo "1249"]
[BlackElo "1054"]
[PlyCount "82"]
[WhiteFideId "24678015"]
[BlackFideId "12900109"]
[EventCountry "GER"]
[EventRounds "11"]
[EventType "swiss"]
[EventDate "2004.05.29"]

1. c4 e5 2. Nc3 Nc6 3. Nf3 Nf6 4. g3 Bb4 5. d3 Bxc3+ 6. bxc3 O-O 7. Bg2 h6 8.
O-O d6 9. Ba3 Re8 10. c5 Bf5 11. cxd6 cxd6 12. Rc1 Rc8 13. Nd2 Re6 14. Nc4 Ne8
15. Ne3 Bh7 16. Bh3 f5 17. Nxf5 Rf6 18. Nxd6 Rc7 19. Qb3+ Kh8 20. Nxb7 Qa8 21.
Nc5 Ne7 22. Rb1 Rb6 23. Qd1 Nd5 24. Bg2 Qd8 25. Rxb6 axb6 26. c4 Nc3 27. Qd2
bxc5 28. Qxc3 Qd6 29. Rb1 Nf6 30. Qa5 Nd7 31. Bd5 Rc8 32. Rb7 Nf6 33. Qb6 Qxb6
34. Rxb6 Nd7 35. Rc6 Rb8 36. Bxc5 Bf5 37. h4 Nf6 38. Bg2 Rb1+ 39. Kh2 Ng4+ 40.
Kh3 Nxf2+ 41. Kh2 Ng4+ 1/2-1/2

[Event "DEM U12/U12w 2004"]
[Site "Willingen GER"]
[Date "2004.06.01"]
[Round "5"]
[White "Saak, Saskia"]
[Black "Voss, Chantal"]
[Result "0-1"]
[Termination "normal"]
[Board "46"]
[WhiteElo "1084"]
[BlackElo "1247"]
[PlyCount "72"]
[BlackFideId "4664906"]
[EventCountry "GER"]
[EventRounds "11"]
[EventType "swiss"]
[EventDate "2004.05.29"]

1. e4 e6 2. d4 d5 3. exd5 exd5 4. Bd3 Nf6 5. Nc3 Bb4 6. Nge2 O-O 7. Bg5 Bg4 8.
f3 Be6 9. Qd2 Nbd7 10. O-O-O c6 11. h4 Qa5 12. Kb1 g6 13. Bxf6 Nxf6 14. Qg5 Kg7
15. h5 h6 16. Qg3 g5 17. Rdg1 Nd7 18. Qf2 c5 19. g4 cxd4 20. Qxd4+ f6 21. f4
Bc5 22. Qa4 Qxa4 23. Nxa4 Bxg1 24. Rxg1 Rae8 25. Nd4 Bxg4 26. fxg5 fxg5 27. Bg6
Re7 28. b3 Bh3 29. Nc3 Re5 30. Kb2 a6 31. Rg3 g4 32. b4 Nf6 33. Rd3 Kg8 34. Nb3
Nxh5 35. Nxd5 Nf6 36. Nc3 Kg7 0-1

[Event "DEM U12/U12w 2004"]
[Site "Willingen GER"]
[Date "2004.06.01"]
[Round "5"]
[White "Gremmer, Jan"]
[Black "Khitov, Roman"]
[Result "1/2-1/2"]
[Termination "normal"]
[Board "47"]
[WhiteElo "1240"]
[BlackElo "957"]
[PlyCount "88"]
[EventCountry "GER"]
[EventRounds "11"]
[EventType "swiss"]
[EventDate "2004.05.29"]

1. e4 d5 2. exd5 Nf6 3. Nc3 Nxd5 4. Nxd5 Qxd5 5. Nf3 Bg4 6. Be2 Nc6 7. d4 e6 8.
O-O O-O-O 9. c3 f5 10. Ng5 Bxe2 11. Qxe2 Re8 12. Re1 Nd8 13. Bf4 h6 14. Nf3 g5
15. Bd2 g4 16. Ne5 h5 17. Bg5 Nc6 18. Ng6 Rg8 19. Nxf8 Rgxf8 20. b3 Nd8 21.
Bxd8 Qxd8 22. Qc4 Qf6 23. Re2 Rf7 24. Rae1 Rfe7 25. b4 e5 26. dxe5 Rxe5 27.
Rxe5 Rxe5 28. Rd1 Qe7 29. Qg8+ Qe8 30. Qxe8+ Rxe8 31. f3 Re3 32. fxg4 fxg4 33.
c4 Re4 34. Rd5 Rxc4 35. Rxh5 Rxb4 36. Rh4 Rd4 37. Kf2 c5 38. Ke3 b5 39. h3 gxh3
40. Rxh3 a5 41. Rh5 Rc4 42. Kf3 b4 43. g4 Rc3+ 44. Kf4 Rc4+ 1/2-1/2

[Event "DEM U12/U12w 2004"]
[Site "Willingen GER"]
[Date "2004.06.01"]
[Round "5"]
[White "Eckoldt, Katja"]
[Black "Jebtchouk, Dimitrij"]
[Result "0-1"]
[Termination "normal"]
[Board "48"]
[WhiteElo "1056"]
[BlackElo "1235"]
[PlyCount "82"]
[EventCountry "GER"]
[EventRounds "11"]
[EventType "swiss"]
[EventDate "2004.05.29"]

1. Nc3 e5 2. Nf3 Nc6 3. d4 exd4 4. Nxd4 Bb4 5. Nxc6 bxc6 6. Bd2 Nf6 7. a3 Bc5
8. e4 O-O 9. Be2 Re8 10. Bg5 Re5 11. Bxf6 Qxf6 12. O-O d6 13. Re1 Bxf2+ 14. Kh1
Bxe1 15. Qxe1 Bb7 16. Qf1 Qxf1+ 17. Rxf1 d5 18. exd5 cxd5 19. Bf3 Rae8 20. h3
d4 21. Bxb7 dxc3 22. bxc3 Re1 23. Rxe1 Rxe1+ 24. Kh2 Re3 25. g4 Rxc3 26. Be4
Rxa3 27. Kg2 Kf8 28. Bxh7 Ke7 29. Kf2 Rxh3 30. Bd3 a5 31. Ke1 Rh1+ 32. Kd2 Rg1
33. Be2 Kd6 34. Bc4 f6 35. Be2 Kc5 36. Kc3 Rb1 37. Kd3 a4 38. c3 a3 39. Kc2 Rb8
40. Kd2 a2 41. Kd3 a1=Q 0-1

[Event "DEM U12/U12w 2004"]
[Site "Willingen GER"]
[Date "2004.06.01"]
[Round "5"]
[White "Oat, Daniela"]
[Black "Dannhorn, Anna"]
[Result "1/2-1/2"]
[Termination "normal"]
[Board "49"]
[WhiteElo "943"]
[BlackElo "1085"]
[PlyCount "35"]
[EventCountry "GER"]
[EventRounds "11"]
[EventType "swiss"]
[EventDate "2004.05.29"]

1. c4 e5 2. Nc3 Nf6 3. g3 Nc6 4. Bg2 Bb4 5. e3 Bxc3 6. bxc3 O-O 7. d4 d6 8. Ne2
Rb8 9. Rb1 Bf5 10. Rb2 Qd7 11. O-O h6 12. dxe5 dxe5 13. Qxd7 Nxd7 14. Bxc6 bxc6
15. Rxb8 Rxb8 16. f4 exf4 17. exf4 Nf6 18. Nd4 1/2-1/2